000 00717nam a2200205 i 4500
001 11338
003 ES-MaACL
005 20230906150059.0
007 t|
008 960418s1995 sp ||||1| spa d
020 _a84-226-5785-6
080 _a069(100)
245 0 4 _aLos Grandes museos históricos.
260 _aMadrid :
_bFundación Amigos del Museo del Prado ;
_aBarcelona :
_bGalaxia Gutenberg :
_bCírculo de Lectores,
_cD.L. 1995.
300 _a322 p., I-X/8 p. lám. col. :
_bil. ;
_c25 cm.
500 _aEn cubierta: edición conmemorativa del 175 aniversario del Museo del Prado.
650 4 _aMuseos.
_915363
710 2 _aAmigos del Museo del Prado.
_9143641
852 _aES-MaACL
_jL-18657
_bR.124862
999 _c11338
_d11338